| 000 | 00997nam a2200313Ia 4500 | ||
|---|---|---|---|
| 003 | OSt | ||
| 005 | 20221006155755.0 | ||
| 006 | a|||||r|||| 00| 0 | ||
| 007 | ta | ||
| 008 | 221006b |||||||| |||| 00| 0 eng d | ||
| 020 |
_a9780415464864 _c£18.99 |
||
| 024 | _a43,469 | ||
| 037 |
_b735, 06/03/2013, Bright Book Service _cTextual |
||
| 040 |
_aEASL _cEASL _beng |
||
| 041 |
_2eng _aeng |
||
| 082 | _aQ40aY:1, Q2 | ||
| 100 | _aHarding John S. Ed. | ||
| 245 | 0 | _aStudying Buddhism in paractice | |
| 260 |
_aLondon _bRoutledge _c2012 |
||
| 300 |
_a200p. _ccm. |
||
| 490 |
_v Gen _aStudying Religions in Practice Series |
||
| 650 |
_a Buddhism and culture _9670350 |
||
| 650 |
_a Buddhism and culture _9670350 |
||
| 650 |
_a Buddhism customs and practices _9670351 |
||
| 650 | _a Gen | ||
| 650 |
_aBuddhism - Customs and practices _9670352 |
||
| 942 |
_hQ40aY:1, Q2 _cTEXL _2CC |
||
| 999 |
_c1111555 _d1111555 |
||